Catálogo público

Los fondos de comunidades indígenas como fuentes de crédito agrícola en la Nueva España, siglo XIX (Record no. 23396)

MARC details
000 -CABECERA
campo de control de longitud fija 01234cam a22003497a 4500
003 - IDENTIFICADOR DEL NÚMERO DE CONTROL
campo de control CHAP
005 - FECHA Y HORA DE LA ÚLTIMA TRANSACCIÓN
campo de control 20220329134633.0
008 - DATOS DE LONGITUD FIJA--INFORMACIÓN GENERAL
campo de control de longitud fija 971013s1955 r 00010 d
010 ## - NÚMERO DE CONTROL DE LA BIBLIOTECA DEL CONGRESO
Número de control de LC 23396
011 ## - ENLACE DEL NUMERO DE CONTROL DE LA BIBLIOTECA DEL CONGRESO [OBSOLETO]
Número de control de LC 24368
035 ## - NÚMERO DE CONTROL DEL SISTEMA
Número de control de sistema 28467
040 ## - FUENTE DE LA CATALOGACIÓN
Centro/agencia transcriptor CHAP
082 ## - NÚMERO DE LA CLASIFICACIÓN DECIMAL DEWEY
Número de clasificación 332.71
Número de documento/Ítem C93
100 00 - ENTRADA PRINCIPAL--NOMBRE DE PERSONA
Nombre de persona Chávez Orozco, Luis.
9 (RLIN) 22749
245 14 - MENCIÓN DE TÍTULO
Título Los fondos de comunidades indígenas como fuentes de crédito agrícola en la Nueva España, siglo XIX
260 ## - PUBLICACIÓN, DISTRIBUCIÓN, ETC.
Lugar de publicación, distribución, etc. México, D.F. :
Nombre del editor, distribuidor, etc. Banco Nacional de Crédito Agrícola y Ganadero,
Fecha de publicación, distribución, etc. 1955
300 ## - DESCRIPCIÓN FÍSICA
Extensión 48 p
490 #0 - MENCIÓN DE SERIE
Mención de serie Publicaciones
Designación de volumen o secuencia ; 11
590 ## - NOTA LOCAL (RLIN)
Nota local BATCH-UPD
Procedencia (VM) [OBSOLETO] 10
Condición del los carretes individuales (VM) [OBSOLETO] 20130110
-- UCH01
-- 0111
590 ## - NOTA LOCAL (RLIN)
Nota local BATCH-UPD
Procedencia (VM) [OBSOLETO] 10
Condición del los carretes individuales (VM) [OBSOLETO] 20130110
-- UCH01
-- 1845
590 ## - NOTA LOCAL (RLIN)
Nota local BATCH-UPD
Procedencia (VM) [OBSOLETO] 10
Condición del los carretes individuales (VM) [OBSOLETO] 20130409
-- UCH01
-- 2102
590 ## - NOTA LOCAL (RLIN)
Nota local BATCH-UPD
Procedencia (VM) [OBSOLETO] 10
Condición del los carretes individuales (VM) [OBSOLETO] 20130410
-- UCH01
-- 1215
590 ## - NOTA LOCAL (RLIN)
Nota local BATCH-UPD
Procedencia (VM) [OBSOLETO] 10
Condición del los carretes individuales (VM) [OBSOLETO] 20130914
-- UCH01
-- 0927
590 ## - NOTA LOCAL (RLIN)
Nota local CONVERSION
Procedencia (VM) [OBSOLETO] 10
Condición del los carretes individuales (VM) [OBSOLETO] 20130109
-- UCH01
-- 1314
650 14 - PUNTO DE ACCESO ADICIONAL DE MATERIA--TÉRMINO DE MATERIA
Término de materia o nombre geográfico como elemento de entrada Crédito agrícola
Subdivisión geográfica México.
9 (RLIN) 29089
830 0# - PUNTO DE ACCESO ADICIONAL DE SERIE-TÍTULO UNIFORME
Título uniforme Publicaciones
Designación de volumen o secuencia ; 11
9 (RLIN) 92668
901 ## - ELEMENTOS DE DATOS A LOCAL LDA (RLIN)
a BK
942 ## - ELEMENTOS DE PUNTO DE ACCESO ADICIONAL (KOHA)
Tipo de ítem Koha Libro
949 ## - PROCESAMIENTO DE INFORMACIÓN LOCAL (OCLC)
a 332.71 C93
b BC
c BPA
d -65663
e BPA
i 28467
s i
949 ## - PROCESAMIENTO DE INFORMACIÓN LOCAL (OCLC)
a 332.71 C93
b BC
c BPA
d -65664
e BPA
f c.2
h 42088
i 28467
s i
949 ## - PROCESAMIENTO DE INFORMACIÓN LOCAL (OCLC)
a 332.71 C93
b BC
c BPA
d -65665
e BPA
f c.3
h 42089
i 28467
s i
Holdings
Estado de retiro Estado de pérdida Estado dañado Restricciones de uso No para préstamo Código de colección Localización permanente Ubicación/localización actual Fecha de adquisición Información codificada de la localización en otra ubicación Total de préstamos Signatura topográfica completa Código de barras Fecha visto por última vez Precio válido a partir de Tipo de ítem Koha Nota pública Número de inventario Número de copia
Material descartado     Préstamo interno2 Excluido de préstamo Material descartado Biblioteca Central Biblioteca Central 17/12/2012 LIBRO   332.71 C93 -65663 31/12/2019 31/12/2019 Libro Recien adquirido    
Material descartado     Préstamo 3 días   Material descartado Biblioteca Central Biblioteca Central 31/12/2019 LIBRO   332.71 C93 -65664 31/12/2019 31/12/2019 Libro   127 c.2
Material descartado     Préstamo 3 días   Material descartado Biblioteca Central Biblioteca Central 31/12/2019 LIBRO   332.71 C93 -65665 31/12/2019 31/12/2019 Libro   127 c.3